[Event "DVM U14 2024"]
[Site "Heidelberg GER"]
[Date "2024.12.30"]
[Round "7"]
[White "Rodriguez Klasen, Ennio"]
[Black "Schwitkowski, Luka"]
[Result "0-1"]
[Termination "normal"]
[Board "2.1"]
[WhiteElo "1870"]
[BlackElo "2070"]
[WhiteClock "00:11:04"]
[BlackClock "01:29:31"]
[WhiteTeam "SV Empor Berlin"]
[BlackTeam "SV Erkenschwick 1923"]
[PlyCount "90"]
[WhiteFideId "16277414"]
[BlackFideId "34610669"]
[EventCountry "GER"]
[EventRounds "7"]
[EventType "team-swiss"]
[EventDate "2024.12.26"]

1. e4 {[%clk 01:30:57]} {[%emt 00:00:03]} c5 {[%clk 01:30:57]} {[%emt
00:00:04]} 2. b3 {[%clk 01:31:12]} {[%emt 00:00:16]} g6 {[%clk 01:29:38]}
{[%emt 00:01:48]} 3. Bb2 {[%clk 01:31:21]} {[%emt 00:00:20]} Nf6 {[%clk
01:30:07]} {[%emt 00:00:01]} 4. e5 {[%clk 01:30:49]} {[%emt 00:01:02]} Nd5
{[%clk 01:30:33]} {[%emt 00:00:04]} 5. Nf3 {[%clk 01:26:19]} {[%emt 00:05:00]}
Bg7 {[%clk 01:30:31]} {[%emt 00:00:33]} 6. Nc3 {[%clk 01:24:01]} {[%emt
00:02:48]} Nxc3 {[%clk 01:29:24]} {[%emt 00:01:36]} 7. Bxc3 {[%clk 01:22:36]}
{[%emt 00:01:55]} Nc6 {[%clk 01:28:38]} {[%emt 00:01:16]} 8. Bc4 {[%clk
01:20:35]} {[%emt 00:02:31]} O-O {[%clk 01:27:44]} {[%emt 00:01:23]} 9. O-O
{[%clk 01:18:18]} {[%emt 00:02:46]} d5 {[%clk 01:23:37]} {[%emt 00:04:38]} 10.
exd6 {[%clk 01:17:34]} {[%emt 00:01:14]} Qxd6 {[%clk 01:23:36]} {[%emt
00:00:30]} 11. Bxg7 {[%clk 01:12:33]} {[%emt 00:05:32]} Kxg7 {[%clk 01:24:05]}
{[%emt 00:00:02]} 12. h3 {[%clk 00:57:59]} {[%emt 00:15:03]} f6 {[%clk
01:19:50]} {[%emt 00:04:45]} 13. Qe2 {[%clk 00:51:10]} {[%emt 00:07:18]} e5
{[%clk 01:17:38]} {[%emt 00:02:42]} 14. Rfe1 {[%clk 00:45:55]} {[%emt
00:05:46]} Bf5 {[%clk 01:14:48]} {[%emt 00:03:20]} 15. d3 {[%clk 00:40:11]}
{[%emt 00:06:15]} Rad8 {[%clk 01:14:56]} {[%emt 00:00:21]} 16. Rad1 {[%clk
00:39:05]} {[%emt 00:01:37]} a6 {[%clk 01:14:48]} {[%emt 00:00:38]} 17. a4
{[%clk 00:35:00]} {[%emt 00:04:35]} Rb8 {[%clk 01:07:41]} {[%emt 00:07:37]} 18.
b4 {[%clk 00:22:36]} {[%emt 00:12:55]} cxb4 {[%clk 01:07:05]} {[%emt 00:01:05]}
19. Rb1 {[%clk 00:16:30]} {[%emt 00:06:35]} a5 {[%clk 01:05:14]} {[%emt
00:02:22]} 20. Qe3 {[%clk 00:14:53]} {[%emt 00:02:07]} Rfd8 {[%clk 01:04:30]}
{[%emt 00:01:13]} 21. Red1 {[%clk 00:11:59]} {[%emt 00:03:24]} Nd4 {[%clk
01:03:54]} {[%emt 00:01:05]} 22. Nxd4 {[%clk 00:11:39]} {[%emt 00:00:50]} Qxd4
{[%clk 01:04:11]} {[%emt 00:00:13]} 23. Qxd4 {[%clk 00:11:35]} {[%emt
00:00:34]} Rxd4 {[%clk 01:04:33]} {[%emt 00:00:08]} 24. f3 {[%clk 00:09:20]}
{[%emt 00:02:46]} Kf8 {[%clk 01:04:17]} {[%emt 00:00:46]} 25. Kf2 {[%clk
00:08:29]} {[%emt 00:01:21]} Rxc4 {[%clk 01:04:35]} {[%emt 00:00:13]} 26. dxc4
{[%clk 00:08:41]} {[%emt 00:00:17]} Bxc2 {[%clk 01:05:01]} {[%emt 00:00:04]}
27. Rbc1 {[%clk 00:07:16]} {[%emt 00:01:55]} Bxd1 {[%clk 01:05:26]} {[%emt
00:00:04]} 28. Rxd1 {[%clk 00:07:28]} {[%emt 00:00:19]} Ke7 {[%clk 01:03:37]}
{[%emt 00:02:19]} 29. Rd5 {[%clk 00:07:11]} {[%emt 00:00:48]} b6 {[%clk
01:03:31]} {[%emt 00:00:35]} 30. g4 {[%clk 00:06:06]} {[%emt 00:01:35]} h6
{[%clk 00:59:38]} {[%emt 00:04:24]} 31. h4 {[%clk 00:05:40]} {[%emt 00:00:56]}
Rc8 {[%clk 00:58:49]} {[%emt 00:01:19]} 32. Rb5 {[%clk 00:05:46]} {[%emt
00:00:24]} Rc6 {[%clk 00:58:36]} {[%emt 00:00:43]} 33. g5 {[%clk 00:05:22]}
{[%emt 00:00:53]} hxg5 {[%clk 00:59:04]} {[%emt 00:00:01]} 34. hxg5 {[%clk
00:05:42]} {[%emt 00:00:10]} Ke6 {[%clk 00:58:55]} {[%emt 00:00:40]} 35. gxf6
{[%clk 00:05:54]} {[%emt 00:00:18]} Kxf6 {[%clk 00:59:24]} {[%emt 00:00:01]}
36. Ke3 {[%clk 00:04:32]} {[%emt 00:01:52]} Kf5 {[%clk 00:58:49]} {[%emt
00:01:05]} 37. f4 {[%clk 00:03:02]} {[%emt 00:02:00]} Rc5 {[%clk 00:59:18]} 38.
Rxb6 {[%clk 00:03:00]} {[%emt 00:00:32]} exf4+ {[%clk 00:59:37]} {[%emt
00:00:11]} 39. Kd4 {[%clk 00:02:45]} {[%emt 00:00:46]} Rc7 {[%clk 00:57:39]}
{[%emt 00:02:26]} 40. Rb5+ {[%clk 00:00:41]} {[%emt 00:02:36]} Kg4 {[%clk
00:57:57]} {[%emt 00:00:12]} 41. Rxa5 {[%clk 00:14:01]} {[%emt 00:17:10]} f3
{[%clk 01:28:02]} {[%emt 00:00:25]} 42. Ke3 {[%clk 00:12:27]} {[%emt 00:02:04]}
Re7+ {[%clk 01:28:24]} {[%emt 00:00:08]} 43. Kf2 {[%clk 00:12:47]} {[%emt
00:00:11]} Re2+ {[%clk 01:28:52]} {[%emt 00:00:02]} 44. Kf1 {[%clk 00:13:04]}
{[%emt 00:00:13]} b3 {[%clk 01:29:20]} {[%emt 00:00:02]} 45. c5 {[%clk
00:11:04]} {[%emt 00:02:30]} b2 {[%clk 01:29:31]} {[%emt 00:00:19]} 0-1

[Event "DVM U14 2024"]
[Site "Heidelberg GER"]
[Date "2024.12.30"]
[Round "7"]
[White "Riechenberg, Sebastian"]
[Black "Müller, Anker"]
[Result "1-0"]
[Termination "normal"]
[Board "2.2"]
[WhiteElo "2041"]
[BlackElo "1743"]
[WhiteClock "00:51:57"]
[BlackClock "00:01:38"]
[WhiteTeam "SV Erkenschwick 1923"]
[BlackTeam "SV Empor Berlin"]
[PlyCount "75"]
[WhiteFideId "34605231"]
[BlackFideId "1472070"]
[EventCountry "GER"]
[EventRounds "7"]
[EventType "team-swiss"]
[EventDate "2024.12.26"]

1. d4 {[%clk 01:30:49]} {[%emt 00:00:11]} d5 {[%clk 01:30:59]} {[%emt
00:00:02]} 2. Nf3 {[%clk 01:31:11]} {[%emt 00:00:07]} Nf6 {[%clk 01:31:07]}
{[%emt 00:00:22]} 3. g3 {[%clk 01:31:32]} {[%emt 00:00:09]} Bf5 {[%clk
01:30:57]} {[%emt 00:00:40]} 4. Bg2 {[%clk 01:31:54]} {[%emt 00:00:09]} e6
{[%clk 01:31:08]} {[%emt 00:00:19]} 5. O-O {[%clk 01:32:15]} {[%emt 00:00:09]}
Bd6 {[%clk 01:29:44]} {[%emt 00:01:55]} 6. c4 {[%clk 01:32:31]} {[%emt
00:00:14]} c6 {[%clk 01:28:21]} {[%emt 00:01:52]} 7. Nc3 {[%clk 01:32:50]}
{[%emt 00:00:10]} O-O {[%clk 01:28:31]} {[%emt 00:00:21]} 8. Nh4 {[%clk
01:32:16]} {[%emt 00:01:03]} Bg6 {[%clk 01:27:12]} {[%emt 00:01:49]} 9. Nxg6
{[%clk 01:32:30]} {[%emt 00:00:16]} hxg6 {[%clk 01:26:28]} {[%emt 00:01:13]}
10. Bg5 {[%clk 01:32:15]} {[%emt 00:00:45]} Nbd7 {[%clk 01:25:48]} {[%emt
00:01:11]} 11. Qd3 {[%clk 01:30:18]} {[%emt 00:02:26]} Qc7 {[%clk 01:25:02]}
{[%emt 00:01:16]} 12. Rac1 {[%clk 01:30:34]} {[%emt 00:00:15]} dxc4 {[%clk
01:15:15]} {[%emt 00:10:18]} 13. Qxc4 {[%clk 01:31:01]} {[%emt 00:00:03]} a6
{[%clk 01:13:25]} {[%emt 00:02:20]} 14. b4 {[%clk 01:27:54]} {[%emt 00:03:37]}
Qb6 {[%clk 01:06:22]} {[%emt 00:07:34]} 15. a3 {[%clk 01:27:24]} {[%emt
00:00:59]} Rac8 {[%clk 01:05:23]} {[%emt 00:01:28]} 16. Na4 {[%clk 01:22:07]}
{[%emt 00:05:48]} Qa7 {[%clk 01:03:39]} {[%emt 00:02:14]} 17. Nc5 {[%clk
01:21:36]} {[%emt 00:01:01]} b5 {[%clk 00:50:21]} {[%emt 00:13:49]} 18. Qb3
{[%clk 01:17:17]} {[%emt 00:04:48]} Bxc5 {[%clk 00:46:52]} {[%emt 00:03:59]}
19. dxc5 {[%clk 01:17:13]} {[%emt 00:00:34]} Ne5 {[%clk 00:45:38]} {[%emt
00:01:44]} 20. Rfd1 {[%clk 01:15:51]} {[%emt 00:01:51]} Nc4 {[%clk 00:42:54]}
{[%emt 00:03:15]} 21. Rd4 {[%clk 01:13:28]} {[%emt 00:02:53]} Nh7 {[%clk
00:37:43]} {[%emt 00:05:41]} 22. Be3 {[%clk 01:12:15]} {[%emt 00:01:42]} e5
{[%clk 00:29:25]} {[%emt 00:08:49]} 23. Rd3 {[%clk 01:11:55]} {[%emt 00:00:50]}
f5 {[%clk 00:28:31]} {[%emt 00:01:25]} 24. Rd6 {[%clk 01:06:47]} {[%emt
00:05:38]} Rf6 {[%clk 00:23:15]} {[%emt 00:05:45]} 25. Rcd1 {[%clk 01:05:22]}
{[%emt 00:01:54]} Qf7 {[%clk 00:17:56]} {[%emt 00:05:50]} 26. Rd7 {[%clk
00:54:12]} {[%emt 00:11:39]} Qe6 {[%clk 00:15:22]} {[%emt 00:03:05]} 27. Bc1
{[%clk 00:53:37]} {[%emt 00:01:05]} Rf7 {[%clk 00:13:00]} {[%emt 00:02:52]} 28.
R7d6 {[%clk 00:51:42]} {[%emt 00:02:25]} Qe8 {[%clk 00:12:27]} {[%emt
00:01:03]} 29. Bxc6 {[%clk 00:51:52]} {[%emt 00:00:21]} Rxc6 {[%clk 00:06:26]}
{[%emt 00:06:31]} 30. Rd8 {[%clk 00:52:15]} {[%emt 00:00:07]} Rf8 {[%clk
00:06:17]} {[%emt 00:00:38]} 31. Rxe8 {[%clk 00:52:37]} {[%emt 00:00:08]} Rxe8
{[%clk 00:06:47]} 32. Qd3 {[%clk 00:51:51]} {[%emt 00:01:15]} Nf6 {[%clk
00:06:52]} {[%emt 00:00:25]} 33. Bg5 {[%clk 00:51:36]} {[%emt 00:00:44]} Rce6
{[%clk 00:06:14]} {[%emt 00:01:09]} 34. Bxf6 {[%clk 00:51:05]} {[%emt
00:01:00]} Rxf6 {[%emt 00:03:58]} 35. Qd7 {[%clk 00:51:03]} {[%emt 00:00:30]}
Rfe6 {[%clk 00:03:01]} {[%emt 00:00:18]} 36. Qa7 {[%clk 00:51:09]} {[%emt
00:00:24]} Nxa3 {[%clk 00:02:14]} {[%emt 00:01:18]} 37. Rd7 {[%clk 00:51:28]}
{[%emt 00:00:10]} Kf8 {[%clk 00:01:38]} {[%emt 00:01:05]} 38. Rf7+ {[%clk
00:51:57]} {[%emt 00:00:03]} 1-0

[Event "DVM U14 2024"]
[Site "Heidelberg GER"]
[Date "2024.12.30"]
[Round "7"]
[White "Freude, Paul"]
[Black "Allen, Phillipp"]
[Result "0-1"]
[Termination "normal"]
[Board "2.3"]
[WhiteElo "1714"]
[BlackElo "1793"]
[WhiteClock "00:11:58"]
[BlackClock "00:03:05"]
[WhiteTeam "SV Empor Berlin"]
[BlackTeam "SV Erkenschwick 1923"]
[PlyCount "110"]
[WhiteFideId "16280717"]
[BlackFideId "16272846"]
[EventCountry "GER"]
[EventRounds "7"]
[EventType "team-swiss"]
[EventDate "2024.12.26"]

1. e4 {[%clk 01:30:57]} {[%emt 00:00:02]} c5 {[%clk 01:30:51]} {[%emt
00:00:09]} 2. Nf3 {[%clk 01:31:13]} {[%emt 00:00:15]} Nc6 {[%clk 01:31:14]}
{[%emt 00:00:08]} 3. g3 {[%clk 01:30:35]} {[%emt 00:01:08]} g6 {[%clk
01:30:27]} {[%emt 00:01:16]} 4. Bg2 {[%clk 01:30:58]} {[%emt 00:00:07]} Bg7
{[%clk 01:30:40]} {[%emt 00:00:17]} 5. O-O {[%clk 01:31:08]} {[%emt 00:00:20]}
d6 {[%clk 01:30:36]} {[%emt 00:00:34]} 6. d3 {[%clk 01:29:32]} {[%emt
00:02:06]} e5 {[%clk 01:30:34]} {[%emt 00:00:31]} 7. c3 {[%clk 01:28:58]}
{[%emt 00:01:05]} Nge7 {[%clk 01:30:43]} {[%emt 00:00:21]} 8. a3 {[%clk
01:28:36]} {[%emt 00:00:52]} a5 {[%clk 01:30:18]} {[%emt 00:00:54]} 9. a4
{[%clk 01:28:56]} {[%emt 00:00:11]} O-O {[%clk 01:29:57]} {[%emt 00:00:50]} 10.
Na3 {[%clk 01:29:04]} {[%emt 00:00:23]} h6 {[%clk 01:28:07]} {[%emt 00:02:19]}
11. Nb5 {[%clk 01:28:22]} {[%emt 00:01:13]} Be6 {[%clk 01:26:33]} {[%emt
00:02:04]} 12. Ne1 {[%clk 01:15:02]} {[%emt 00:13:50]} f5 {[%clk 01:22:26]}
{[%emt 00:04:36]} 13. Nc2 {[%clk 00:58:03]} {[%emt 00:17:31]} f4 {[%clk
01:10:59]} {[%emt 00:11:56]} 14. c4 {[%clk 00:48:41]} {[%emt 00:09:52]} g5
{[%clk 00:58:10]} {[%emt 00:13:18]} 15. g4 {[%clk 00:47:28]} {[%emt 00:01:43]}
h5 {[%clk 00:52:29]} {[%emt 00:06:11]} 16. h3 {[%clk 00:46:27]} {[%emt
00:01:32]} Qd7 {[%clk 00:48:30]} {[%emt 00:04:30]} 17. f3 {[%clk 00:46:42]}
{[%emt 00:00:14]} hxg4 {[%clk 00:48:06]} {[%emt 00:00:54]} 18. hxg4 {[%clk
00:47:05]} {[%emt 00:00:07]} Nd4 {[%clk 00:46:25]} {[%emt 00:02:11]} 19. Nca3
{[%clk 00:43:29]} {[%emt 00:04:06]} Nec6 {[%clk 00:44:35]} {[%emt 00:02:20]}
20. Bd2 {[%clk 00:42:00]} {[%emt 00:01:58]} Bf6 {[%clk 00:40:49]} {[%emt
00:04:16]} 21. Kf2 {[%clk 00:39:34]} {[%emt 00:02:55]} Kf7 {[%clk 00:25:31]}
{[%emt 00:15:49]} 22. Nxd4 {[%clk 00:26:15]} {[%emt 00:13:49]} exd4 {[%clk
00:21:17]} {[%emt 00:04:45]} 23. Rh1 {[%clk 00:24:57]} {[%emt 00:01:48]} Rh8
{[%clk 00:17:05]} {[%emt 00:04:43]} 24. Qe2 {[%clk 00:20:16]} {[%emt 00:05:09]}
Ne5 {[%clk 00:12:28]} {[%emt 00:05:08]} 25. Nb5 {[%clk 00:15:51]} {[%emt
00:04:55]} b6 {[%clk 00:10:37]} {[%emt 00:02:22]} 26. Bh3 {[%clk 00:08:11]}
{[%emt 00:08:09]} Rh4 {[%clk 00:06:59]} {[%emt 00:04:08]} 27. Bg2 {[%clk
00:06:04]} {[%emt 00:02:38]} Rah8 {[%clk 00:04:57]} {[%emt 00:02:32]} 28. Rxh4
{[%clk 00:06:27]} {[%emt 00:00:07]} Rxh4 {[%clk 00:05:19]} {[%emt 00:00:07]}
29. Rh1 {[%clk 00:06:48]} {[%emt 00:00:08]} Rxh1 {[%clk 00:05:24]} {[%emt
00:00:28]} 30. Bxh1 {[%clk 00:07:13]} {[%emt 00:00:04]} Ke7 {[%clk 00:05:21]}
{[%emt 00:00:33]} 31. Kf1 {[%clk 00:05:46]} {[%emt 00:01:57]} Qd8 {[%clk
00:05:05]} {[%emt 00:00:46]} 32. Qh2 {[%clk 00:04:28]} {[%emt 00:01:48]} Nxd3
{[%clk 00:04:17]} {[%emt 00:01:18]} 33. Qh7+ {[%clk 00:04:55]} {[%emt
00:00:03]} Bf7 {[%clk 00:04:39]} {[%emt 00:00:08]} 34. b3 {[%clk 00:03:21]}
{[%emt 00:02:04]} Qh8 {[%clk 00:04:31]} {[%emt 00:00:38]} 35. Qxh8 {[%clk
00:03:40]} {[%emt 00:00:10]} Bxh8 {[%clk 00:04:57]} {[%emt 00:00:05]} 36. Ke2
{[%clk 00:03:02]} {[%emt 00:01:07]} Ne5 {[%clk 00:05:07]} {[%emt 00:00:21]} 37.
Bg2 {[%clk 00:02:44]} {[%emt 00:00:48]} Nxc4 {[%clk 00:03:07]} {[%emt
00:02:30]} 38. bxc4 {[%clk 00:02:58]} {[%emt 00:00:16]} Bxc4+ {[%clk 00:03:32]}
{[%emt 00:00:04]} 39. Ke1 {[%clk 00:02:50]} {[%emt 00:00:37]} Bxb5 {[%clk
00:00:46]} {[%emt 00:03:16]} 40. axb5 {[%clk 00:03:15]} {[%emt 00:00:06]} d5
{[%clk 00:00:41]} {[%emt 00:00:36]} 41. Bf1 {[%clk 00:28:51]} {[%emt 00:04:53]}
Kd6 {[%clk 00:29:40]} {[%emt 00:01:30]} 42. Bc1 {[%clk 00:27:18]} {[%emt
00:02:03]} Bf6 {[%clk 00:16:30]} {[%emt 00:13:40]} 43. Ba3 {[%clk 00:25:05]}
{[%emt 00:02:43]} dxe4 {[%clk 00:09:32]} {[%emt 00:07:28]} 44. fxe4 {[%clk
00:25:29]} {[%emt 00:00:06]} Ke5 {[%clk 00:09:33]} {[%emt 00:00:29]} 45. Bg2
{[%clk 00:23:21]} {[%emt 00:02:37]} c4 {[%clk 00:08:50]} {[%emt 00:01:15]} 46.
Kd2 {[%clk 00:21:19]} {[%emt 00:02:31]} f3 {[%clk 00:02:29]} {[%emt 00:06:51]}
47. Bxf3 {[%clk 00:21:09]} {[%emt 00:00:39]} Kf4 {[%clk 00:02:50]} {[%emt
00:00:09]} 48. Bd6+ {[%clk 00:18:41]} {[%emt 00:02:58]} Be5 {[%clk 00:02:12]}
{[%emt 00:01:08]} 49. Bxe5+ {[%clk 00:17:26]} {[%emt 00:01:45]} Kxe5 {[%clk
00:02:34]} {[%emt 00:00:08]} 50. Kc2 {[%clk 00:14:02]} {[%emt 00:03:53]} a4
{[%clk 00:02:14]} {[%emt 00:00:50]} 51. Kb2 {[%clk 00:13:37]} {[%emt 00:00:55]}
d3 {[%clk 00:02:00]} {[%emt 00:00:44]} 52. Ka3 {[%clk 00:12:56]} {[%emt
00:01:11]} c3 {[%clk 00:02:21]} {[%emt 00:00:09]} 53. Ka2 {[%clk 00:12:48]}
{[%emt 00:00:38]} c2 {[%clk 00:02:37]} {[%emt 00:00:14]} 54. Be2 {[%clk
00:11:44]} {[%emt 00:01:34]} dxe2 {[%clk 00:02:48]} {[%emt 00:00:18]} 55. Kb2
{[%clk 00:11:58]} {[%emt 00:00:16]} c1=Q+ {[%clk 00:03:05]} {[%emt 00:00:14]}
0-1

[Event "DVM U14 2024"]
[Site "Heidelberg GER"]
[Date "2024.12.30"]
[Round "7"]
[White "Mohylnyi, Stepan"]
[Black "Klein, Levent"]
[Result "1-0"]
[Termination "normal"]
[Board "3.1"]
[WhiteElo "2180"]
[BlackElo "1985"]
[WhiteClock "00:19:51"]
[BlackClock "00:02:03"]
[WhiteTeam "SC Noris-Tarrasch Nürnberg 1873"]
[BlackTeam "SK Kaiserslautern 1905"]
[PlyCount "119"]
[WhiteFideId "34127836"]
[BlackFideId "34611274"]
[EventCountry "GER"]
[EventRounds "7"]
[EventType "team-swiss"]
[EventDate "2024.12.26"]

1. e4 {[%clk 01:30:58]} {[%emt 00:00:01]} c6 {[%clk 01:30:57]} {[%emt
00:00:03]} 2. d4 {[%clk 01:31:24]} {[%emt 00:00:04]} d5 {[%clk 01:31:24]}
{[%emt 00:00:04]} 3. f3 {[%clk 01:31:52]} {[%emt 00:00:02]} e6 {[%clk
01:30:54]} {[%emt 00:00:59]} 4. Nc3 {[%clk 01:28:52]} {[%emt 00:03:30]} Nf6
{[%clk 01:28:39]} {[%emt 00:02:45]} 5. Bg5 {[%clk 01:29:04]} {[%emt 00:00:18]}
Be7 {[%clk 01:27:24]} {[%emt 00:01:45]} 6. e5 {[%clk 01:29:30]} {[%emt
00:00:04]} Nfd7 {[%clk 01:27:46]} {[%emt 00:00:08]} 7. Bxe7 {[%clk 01:29:57]}
{[%emt 00:00:03]} Qxe7 {[%clk 01:28:07]} {[%emt 00:00:10]} 8. f4 {[%clk
01:30:18]} {[%emt 00:00:09]} a6 {[%clk 01:27:06]} {[%emt 00:01:31]} 9. Nf3
{[%clk 01:27:15]} {[%emt 00:03:32]} c5 {[%clk 01:26:45]} {[%emt 00:00:51]} 10.
Qd2 {[%clk 01:27:32]} {[%emt 00:00:13]} Nc6 {[%clk 01:26:58]} {[%emt 00:00:17]}
11. O-O-O {[%clk 01:27:50]} {[%emt 00:00:12]} b5 {[%clk 01:22:35]} {[%emt
00:04:54]} 12. dxc5 {[%clk 01:27:49]} {[%emt 00:00:31]} Qxc5 {[%clk 01:17:48]}
{[%emt 00:05:15]} 13. Nd4 {[%clk 01:26:45]} {[%emt 00:01:35]} Nb6 {[%clk
01:10:47]} {[%emt 00:07:32]} 14. Nxc6 {[%clk 01:14:20]} {[%emt 00:12:54]} Qxc6
{[%clk 01:10:53]} {[%emt 00:00:24]} 15. Ne4 {[%clk 01:14:42]} {[%emt 00:00:08]}
O-O {[%clk 01:08:10]} {[%emt 00:03:13]} 16. Ng5 {[%clk 01:08:23]} {[%emt
00:06:50]} h6 {[%clk 01:05:34]} {[%emt 00:03:05]} 17. Nf3 {[%clk 01:07:20]}
{[%emt 00:01:32]} Nc4 {[%clk 00:51:50]} {[%emt 00:14:14]} 18. Qf2 {[%clk
01:05:58]} {[%emt 00:01:52]} Qb6 {[%clk 00:51:01]} {[%emt 00:01:19]} 19. Qxb6
{[%clk 01:02:52]} {[%emt 00:03:37]} Nxb6 {[%clk 00:51:21]} {[%emt 00:00:11]}
20. g4 {[%clk 01:03:21]} {[%emt 00:00:01]} Bd7 {[%clk 00:43:17]} {[%emt
00:08:33]} 21. Bd3 {[%clk 01:02:37]} {[%emt 00:01:14]} Na4 {[%clk 00:40:10]}
{[%emt 00:03:38]} 22. c3 {[%clk 00:58:45]} {[%emt 00:04:22]} Nc5 {[%clk
00:39:05]} {[%emt 00:01:35]} 23. Bc2 {[%clk 00:59:10]} {[%emt 00:00:05]} a5
{[%clk 00:37:32]} {[%emt 00:02:03]} 24. Rd4 {[%clk 00:47:31]} {[%emt 00:12:09]}
Na6 {[%clk 00:34:41]} {[%emt 00:03:21]} 25. g5 {[%clk 00:47:31]} {[%emt
00:00:30]} hxg5 {[%clk 00:33:16]} {[%emt 00:01:56]} 26. fxg5 {[%clk 00:47:05]}
{[%emt 00:00:55]} b4 {[%clk 00:31:28]} {[%emt 00:02:18]} 27. g6 {[%clk
00:39:34]} {[%emt 00:08:01]} Rac8 {[%clk 00:23:52]} {[%emt 00:08:06]} 28. Ng5
{[%clk 00:36:07]} {[%emt 00:03:57]} f5 {[%clk 00:21:04]} {[%emt 00:03:17]} 29.
Rh4 {[%clk 00:33:35]} {[%emt 00:03:02]} bxc3 {[%clk 00:20:42]} {[%emt
00:00:53]} 30. bxc3 {[%clk 00:31:07]} {[%emt 00:02:58]} Rxc3 {[%clk 00:20:56]}
{[%emt 00:00:16]} 31. Nf7 {[%clk 00:31:30]} {[%emt 00:00:07]} Rxf7 {[%clk
00:21:08]} {[%emt 00:00:18]} 32. gxf7+ {[%clk 00:31:37]} {[%emt 00:00:24]} Kxf7
{[%clk 00:21:33]} {[%emt 00:00:05]} 33. Kd2 {[%clk 00:32:03]} {[%emt 00:00:04]}
Ra3 {[%clk 00:19:14]} {[%emt 00:02:48]} 34. Bb1 {[%clk 00:31:05]} {[%emt
00:01:28]} Ra4 {[%clk 00:14:07]} {[%emt 00:05:37]} 35. Rxa4 {[%clk 00:29:17]}
{[%emt 00:02:19]} Bxa4 {[%clk 00:14:18]} {[%emt 00:00:20]} 36. Rc1 {[%clk
00:29:44]} {[%emt 00:00:02]} Bd7 {[%clk 00:14:31]} {[%emt 00:00:16]} 37. h4
{[%clk 00:29:23]} {[%emt 00:00:52]} Nb4 {[%clk 00:14:24]} {[%emt 00:00:38]} 38.
Rc7 {[%clk 00:29:09]} {[%emt 00:00:43]} Ke7 {[%clk 00:14:12]} {[%emt 00:00:43]}
39. Ke3 {[%clk 00:29:10]} {[%emt 00:00:27]} d4+ {[%clk 00:13:03]} {[%emt
00:01:40]} 40. Kxd4 {[%clk 00:28:48]} {[%emt 00:00:52]} Nc6+ {[%clk 00:13:24]}
{[%emt 00:00:09]} 41. Kc5 {[%clk 00:29:11]} {[%emt 00:00:07]} Nxe5 {[%clk
00:13:46]} {[%emt 00:00:08]} 42. Bc2 {[%clk 00:25:36]} {[%emt 00:04:05]} Kf6
{[%clk 00:05:54]} {[%emt 00:08:22]} 43. Ra7 {[%clk 00:22:39]} {[%emt 00:03:27]}
f4 {[%clk 00:02:13]} {[%emt 00:04:11]} 44. Be4 {[%clk 00:22:16]} {[%emt
00:00:53]} a4 {[%clk 00:01:51]} {[%emt 00:00:52]} 45. Ra8 {[%clk 00:20:43]}
{[%emt 00:02:02]} Nf7 {[%clk 00:27:22]} {[%emt 00:04:59]} 46. Ra5 {[%clk
00:36:06]} {[%emt 00:15:07]} Ne5 {[%clk 00:27:24]} {[%emt 00:00:28]} 47. Ra7
{[%clk 00:36:28]} {[%emt 00:00:08]} Be8 {[%clk 00:20:09]} {[%emt 00:07:45]} 48.
Ra8 {[%clk 00:35:47]} {[%emt 00:01:11]} Bh5 {[%clk 00:18:34]} {[%emt 00:02:05]}
49. Rf8+ {[%clk 00:32:56]} {[%emt 00:03:20]} Nf7 {[%clk 00:15:09]} {[%emt
00:03:57]} 50. Kd4 {[%clk 00:33:07]} {[%emt 00:00:19]} Be2 {[%clk 00:14:21]}
{[%emt 00:01:18]} 51. Bd3 {[%clk 00:25:56]} {[%emt 00:07:41]} Bf3 {[%clk
00:03:24]} {[%emt 00:11:27]} 52. Be4 {[%clk 00:21:59]} {[%emt 00:04:27]} Be2
{[%clk 00:03:45]} {[%emt 00:00:08]} 53. Ra8 {[%clk 00:20:03]} {[%emt 00:02:26]}
e5+ {[%clk 00:00:43]} {[%emt 00:03:33]} 54. Kd5 {[%clk 00:19:54]} {[%emt
00:00:39]} f3 {[%clk 00:00:35]} {[%emt 00:00:38]} 55. Re8 {[%clk 00:20:22]}
{[%emt 00:00:02]} Ng5 {[%clk 00:00:31]} {[%emt 00:00:35]} 56. hxg5+ {[%clk
00:20:29]} {[%emt 00:00:23]} Kxg5 {[%clk 00:00:58]} {[%emt 00:00:03]} 57. Rf8
{[%clk 00:19:43]} {[%emt 00:01:16]} Kg4 {[%clk 00:01:19]} {[%emt 00:00:08]} 58.
Kxe5 {[%clk 00:19:45]} {[%emt 00:00:28]} g5 {[%clk 00:01:41]} {[%emt 00:00:08]}
59. Rf5 {[%clk 00:19:40]} {[%emt 00:00:35]} Bd1 {[%clk 00:02:03]} {[%emt
00:00:09]} 60. Kf6 {[%clk 00:19:51]} {[%emt 00:00:19]} 1-0